| 000 | 01118nam a2200265 a 4500 | ||
|---|---|---|---|
| 001 | 000010847 | ||
| 005 | 20240530073931.0 | ||
| 008 | 091012s1975 dr ac 001 0 spa d | ||
| 040 |
_aDO-SdBNP _bspa _cBNPHU |
||
| 082 |
_aRD864.44 _bC975t |
||
| 100 | 1 |
_aCuriel, Carlos, _d1916- _926171 |
|
| 245 | 1 | 0 |
_aTras el vórtice de la tormenta : _b30 años de periodismo / _cCarlos Curiel ; presentación Héctor Incháustegui ; introducción y misiva Pedro Mir. |
| 260 |
_aSanto Domingo : _bLa Estética, _c1975. |
||
| 300 |
_a185 p. : _bil., retr. ; _c26 cm. |
||
| 500 | _aIncluye datos biográficos del autor en la solapa de la cubierta | ||
| 504 | _aIncluye bibliografía y notas al pie de páginas. | ||
| 650 | 0 |
_aEnsayos dominicanos _965 |
|
| 650 | 4 |
_aPeriodistas dominicanos _926172 |
|
| 650 | 0 |
_aLiteratura dominicana. _967 |
|
| 650 | 4 |
_aDiarios dominicanos _xSecciones, columnas, etc. _944 |
|
| 700 | 1 |
_aIncháustegui Cabral, Héctor, _d1912-1979 _epresent. _921024 |
|
| 700 | 1 |
_aMir, Pedro, _d1913-2000 _eintrod. _97245 |
|
| 730 | 0 |
_aEl Caribe (República Dominicana) _93224 |
|
| 910 | _aValidado. Control de calidad EMS | ||
| 999 |
_c10596 _d10596 |
||